Pays en G - Statistiques

Statistiques générales
  • Ce quiz a été pris 2 515 fois
  • Le résultat moyen est 8 sur 11
Statistiques - réponses
Pays % Correct
Guinée
84%
Géorgie
83%
Gabon
82%
Guatemala
77%
Ghana
75%
Guinée équatoriale
74%
Guinée-Bissau
73%
Gambie
65%
Grèce
65%
Guyana
59%
Grenade
52%
Aucun quiz correspondant
Distribution des résultats
% des personnes avec chaque résultat
Percentile par nombre de réponses
Votre historique - résultats
Vous n’avez pas pris ce quiz